Overlapping Option Trivia IV Quiz Stats

 Plays Quiz Updated Apr 18, 2015

Challenge
Share
Tweet
Embed
Score 0/20 Timer 03:00
60 Plays Today
% Correct
Ziti
92.4%
Yellow
90.3%
Green
87.6%
Taste
86.6%
Lady
85.3%
Byte
83.1%
Bit
75.9%
Tramp
75.8%
Black
75.8%
Brazil
73.9%
% Correct
End
73.7%
Blue
73.4%
Begin
72%
Mini
70.4%
Luck
67.7%
Mexico
65.1%
Togo
63.9%
Benin
59.7%
Touch
59.6%
White
51.3%

You're not logged in!

Compare scores with friends on all Sporcle quizzes.
Join for Free
OR
Log In

You Might Also Like...

Show Comments

Extras

Top Quizzes Today


Score Distribution

Your Account Isn't Verified!

In order to create a playlist on Sporcle, you need to verify the email address you used during registration. Go to your Sporcle Settings to finish the process.

Report this User

Report this user for behavior that violates our Community Guidelines.

Details: